[Event "GER-ch U18 Girls"]
[Site "Willingen"]
[Date "2020.10.21"]
[Round "3"]
[White "Tornay, Haizea"]
[Black "Dietz, Helena"]
[Result "1-0"]
[WhiteElo "1659"]
[BlackElo "1463"]
[PlyCount "71"]
[EventDate "2020.10.19"]
[EventType "swiss"]
[EventRounds "7"]
[EventCountry "GER"]
[SourceTitle "EXT 2022"]
[Source "ChessBase"]
[SourceDate "2021.10.06"]
[SourceVersion "1"]
[SourceVersionDate "2021.10.06"]
[SourceQuality "1"]

1. d4 Nf6 2. c4 g6 3. Nc3 Bg7 4. e4 d6 5. Bd3 0-0 6. Nge2 c5 7. d5 e6 8. 0-0 exd5 9. exd5 Re8 10. h3 Na6 11. a3 Nc7 12. Rb1 a6 13. b4 Nd7 14. Ne4 Nf6 15. Bg5 cxb4 16. axb4 h6 17. Nxf6+ Bxf6 18. Bxh6 Be5 19. Bf4 Qh4 20. Bxe5 Rxe5 21. Ng3 Ne8 22. Qf3 Nf6 23. Rfe1 Bd7 24. Rxe5 dxe5 25. Re1 Re8 26. Ne4 Nxe4 27. Rxe4 Qg5 28. Qe3 Qe7 29. Qe1 Qg5 30. f4 Qf5 31. fxe5 Qg5 32. e6 fxe6 33. dxe6 Bc6 34. Rg4 Qe7 35. Rxg6+ Kh8 36. Qe5+ 1-0

[Event "Euskadi-ch (Women)"]
[Site "Vitoria Gasteiz"]
[Date "2019.06.08"]
[Round "2"]
[White "Junquera Ciaurriz, Maria Teresa"]
[Black "Tornay, Haizea"]
[Result "0-1"]
[WhiteElo "1373"]
[BlackElo "1598"]
[PlyCount "52"]
[EventDate "2019.06.08"]
[EventType "swiss"]
[EventRounds "5"]
[EventCountry "ESP"]
[SourceTitle "EXT 2020"]
[Source "ChessBase"]
[SourceDate "2019.10.17"]
[SourceVersion "1"]
[SourceVersionDate "2019.10.17"]
[SourceQuality "1"]

1. c4 Nf6 2. Nc3 g6 3. Nf3 Bg7 4. g3 0-0 5. Bg2 d6 6. 0-0 e5 7. d3 Nbd7 8. Bg5 h6 9. Bd2 Re8 10. Qc1 Kh7 11. Re1 h5 12. a3 Nc5 13. Qd1 e4 14. dxe4 Nfxe4 15. Rb1 Bf5 16. Nh4 Nxc3 17. Bxc3 Bxc3 18. Nxf5 Bxe1 19. Qxe1 gxf5 20. Bh3 Qf6 21. Qd1 Qe5 22. e3 Qe4 23. Bg2 Qxc4 24. Rc1 Qd3 25. Qe1 Qb3 26. Bh3 Qd5 0-1

[Event "Heusenstamm Sparkassen op U14 3rd"]
[Site "Heusenstamm"]
[Date "2016.11.27"]
[Round "1"]
[White "Tornay, Haizea"]
[Black "Stumpf, Fabian"]
[Result "1-0"]
[WhiteElo "1284"]
[BlackElo "854"]
[PlyCount "83"]
[EventDate "2016.11.27"]
[EventType "swiss"]
[EventRounds "5"]
[EventCountry "GER"]
[SourceTitle "EXT 2018"]
[Source "ChessBase"]
[SourceDate "2017.10.13"]
[SourceVersion "1"]
[SourceVersionDate "2017.10.13"]
[SourceQuality "1"]

1. e4 e5 2. Nf3 Nc6 3. d4 f6 4. Nc3 Bb4 5. d5 Nce7 6. Bd2 Bxc3 7. Bxc3 d6 8. Bc4 a6 9. 0-0 Bg4 10. Qd3 b5 11. Bb3 Bxf3 12. Qxf3 a5 13. a3 c5 14. Qe2 b4 15. Qb5+ Qd7 16. Qxd7+ Kxd7 17. axb4 Ra7 18. bxc5 f5 19. cxd6 Kxd6 20. Rfe1 Nf6 21. exf5 Nxf5 22. Bxe5+ Kd7 23. Ba4+ Kc8 24. Bxf6 gxf6 25. Re6 Rf8 26. c4 Ng7 27. Rc6+ Kb8 28. Bb5 Kb7 29. Re1 Re8 30. Rd1 Nf5 31. Rxf6 Re5 32. f4 Ne3 33. fxe5 Nxd1 34. Rf7+ Kb6 35. Rxa7 Kxa7 36. e6 Ne3 37. e7 Nxd5 38. e8Q Nc7 39. Qd7 Kb6 40. Qc6+ Ka7 41. Qxc7+ Ka8 42. Bc6# 1-0